|
|
|
|
| LEADER |
00000nam0a2200000 4500 |
| 001 |
137254 |
| 005 |
20231031141010.0 |
| 010 |
|
|
|a 9785020231788
|
| 035 |
|
|
|a (RuTPU)RU\TPU\book\148748
|
| 090 |
|
|
|a 137254
|
| 100 |
|
|
|a 20080507d2007 k y0rusy50 ca
|
| 101 |
0 |
|
|a rus
|
| 102 |
|
|
|a RU
|
| 105 |
|
|
|a a z 001zy
|
| 200 |
1 |
|
|a Оптические спектры В- и С-подобных ионов
|f А. С. Яценко
|g Российская академия наук (РАН), Сибирское отделение (СО), Институт автоматики и электрометрии
|
| 210 |
|
|
|a Новосибирск
|c Наука
|d 2007
|
| 215 |
|
|
|a 206 с.
|c ил.
|
| 320 |
|
|
|a Библиографический список: с. 199-204.
|
| 330 |
|
|
|a Книга посвящена систематическому анализу и изложению теоретических и экспериментальных данных по оптическим спектрам В- и С-подобных ионов. Информация представлена в виде схем энергетических уровней и радиационных переходов (диаграмм Гротриана) для большинства химических элементов таблицы Д.И. Менделеева. Кроме списка основной литературы приведены ссылки на оригинальные работы по спектрам отдельных ионов. Издание предназначено для физиков, инженеров и студентов, занимающихся вопросами атомной спектроскопии, сильноточного импульсного электрического разряда, диагностики высокотемпературной плазмы, магнитной гидродинамики, квантовой электроники и астрофизики, а также специалистов в смежных областях.
|
| 610 |
1 |
|
|a оптические спектры
|
| 610 |
1 |
|
|a В-подобные ионы
|
| 610 |
1 |
|
|a С-подобные ионы
|
| 610 |
1 |
|
|a энергетические уровни
|
| 610 |
1 |
|
|a радиационные переходы
|
| 610 |
1 |
|
|a диаграммы
|
| 610 |
1 |
|
|a диаграммы Гротриана
|
| 610 |
1 |
|
|a схемы
|
| 610 |
1 |
|
|a высокоионизированные атомы
|
| 610 |
1 |
|
|a физика
|
| 610 |
1 |
|
|a спектроскопия
|
| 610 |
1 |
|
|a атомная спектроскопия
|
| 610 |
1 |
|
|a высокотемпературная плазма
|
| 610 |
1 |
|
|a магнитная гидродинамика
|
| 610 |
1 |
|
|a квантовая электроника
|
| 610 |
1 |
|
|a астрофизика
|
| 675 |
|
|
|a 535.33
|v 3
|
| 675 |
|
|
|a 539.184
|v 3
|
| 700 |
|
1 |
|a Яценко
|b А. С.
|g Алексей Степанович
|
| 712 |
0 |
2 |
|a Российская академия наук (РАН)
|b Сибирское отделение (СО)
|b Институт автоматики и электрометрии
|2 stltpush
|3 (RuTPU)RU\TPU\col\12802
|
| 801 |
|
1 |
|a RU
|b 63413507
|c 20080507
|g PSBO
|
| 801 |
|
2 |
|a RU
|b 63413507
|c 20150520
|g PSBO
|
| 942 |
|
|
|c BK
|